<?xml version="1.0" encoding="UTF-8"?>
<record
    xmlns:xsi="http://www.w3.org/2001/XMLSchema-instance"
    xsi:schemaLocation="http://www.loc.gov/MARC21/slim http://www.loc.gov/standards/marcxml/schema/MARC21slim.xsd"
    xmlns="http://www.loc.gov/MARC21/slim">

  <leader>01669nam a22001697a 4500</leader>
  <controlfield tag="003">IT-RoPau</controlfield>
  <controlfield tag="005">20220918181221.0</controlfield>
  <controlfield tag="008">140531b        xxu||||| |||| 00| 0 eng d</controlfield>
  <datafield tag="040" ind1=" " ind2=" ">
    <subfield code="c">IT-RoPau</subfield>
  </datafield>
  <datafield tag="100" ind1=" " ind2=" ">
    <subfield code="a">Pie Discepole del Divin Maestro</subfield>
    <subfield code="9">28120</subfield>
  </datafield>
  <datafield tag="245" ind1=" " ind2=" ">
    <subfield code="a">La vita in Cristo e nella Chiesa</subfield>
    <subfield code="b">Rivista mensile Anno XVIII</subfield>
  </datafield>
  <datafield tag="260" ind1=" " ind2=" ">
    <subfield code="a">Roma</subfield>
    <subfield code="b">PDDM</subfield>
    <subfield code="c">1969</subfield>
  </datafield>
  <datafield tag="300" ind1=" " ind2=" ">
    <subfield code="c">26,5 cm</subfield>
  </datafield>
  <datafield tag="490" ind1=" " ind2=" ">
    <subfield code="a">La vita in Cristo e nella Chiesa</subfield>
    <subfield code="v">1969</subfield>
  </datafield>
  <datafield tag="520" ind1=" " ind2=" ">
    <subfield code="a">Elenco autori

Gennaio 1969
Olivero - Travella - Mons. Bondioli - Da Lovere - Don Favilli - Paolo VI - Mulassano - Silvi - Tonello - M. F. Marchegiani

Febbraio 1969
Travella - M. L. Ricci - Mons. Bondioli - Da Lovere - Ferraris - Don Favilli - Grassi - Tonello - Mulassano

Marzo 1969
Amati - Travella - M. L. Ricci - Mons. Bondioli - Da Lovere - Ferraris - Don Favilli - Masseni - Tonello - Mulassano

Aprile 1969
Amati - Travella - M. L. Ricci - Mons. Bondioli - Da Lovere - Don Favilli - Ferraris - Gallo - Mulassano - Tonello

Maggio 1969
Bonetto - Travella - Mons. Bondioli - M. L. Ricci - Brandolini - Ferraris - Paolucci - Manicni - Lerda - Tonello - Mulassano

Giugno 1969
Amati - Travella - M. L. Ricci - Mons. Bondioli - Mazzolari - C. G. e Maria Franca - Mancini - Ferraris - Tonello - Mulassano

Luglio-Agosto 1969
Amati - Travella - M. L. Ricci - Bondioli - Cirelli - Ronci - Ferraris - Jones - Tonello

Settembre-Ottobre 1969
G. B. - Travella - M. L. Ricci - Bondioli - Giordani - Mancini - Bonetto - Mulassano - Ferraris

Novembre 1969
G. B. - Travella - Mazzolari - Bondioli - Ferraris - Mancini - Milani - Tonello - Mulassano

Dicembre 1969
Travella - Da Lovere - No&#xE8; - Mignone 

</subfield>
  </datafield>
  <datafield tag="942" ind1=" " ind2=" ">
    <subfield code="2">ddc</subfield>
    <subfield code="c">CR</subfield>
  </datafield>
  <datafield tag="999" ind1=" " ind2=" ">
    <subfield code="c">104409</subfield>
    <subfield code="d">104409</subfield>
  </datafield>
  <datafield tag="952" ind1=" " ind2=" ">
    <subfield code="0">0</subfield>
    <subfield code="1">0</subfield>
    <subfield code="2">ddc</subfield>
    <subfield code="4">0</subfield>
    <subfield code="6">P_D6</subfield>
    <subfield code="7">1</subfield>
    <subfield code="a">PAULUS</subfield>
    <subfield code="b">PAULUS</subfield>
    <subfield code="d">2014-05-31</subfield>
    <subfield code="l">0</subfield>
    <subfield code="o">P D6</subfield>
    <subfield code="r">2014-05-31 00:00:00</subfield>
    <subfield code="w">2014-05-31</subfield>
    <subfield code="y">CR</subfield>
  </datafield>
  <datafield tag="952" ind1=" " ind2=" ">
    <subfield code="0">0</subfield>
    <subfield code="1">0</subfield>
    <subfield code="2">ddc</subfield>
    <subfield code="4">0</subfield>
    <subfield code="6">P_D7</subfield>
    <subfield code="7">1</subfield>
    <subfield code="a">PAULUS</subfield>
    <subfield code="b">PAULUS</subfield>
    <subfield code="d">2014-07-07</subfield>
    <subfield code="l">0</subfield>
    <subfield code="o">P D7</subfield>
    <subfield code="r">2014-07-07 00:00:00</subfield>
    <subfield code="w">2014-07-07</subfield>
    <subfield code="y">CR</subfield>
  </datafield>
</record>
